000 00558nam a22001697a 4500
003 OSt
005 20241209064114.0
008 241209b |||||||| |||| 00| 0 eng d
020 _a9781032784434
040 _cn
082 _a307.76 F94 2024
245 _aFUTURE IS URBAN II urban resilience, capacity building, nature based solution /
_cUtpal Sharma (Editor), Swati Kothary (Editor), Vibha Gajjar (Editor)
260 _bROUTLEDGE, [S.l.], 2024
300 _a539 pages, 27 cm.
650 _a ARCHITECTURE / General Cities and towns
942 _2ddc
_cBK-EN
_n0
999 _c7351
_d7351